00226nam a22000857a 4500082001300000100002900013245006400042260002200106300001200128 a051bREA aBeaudouin, John T. (Edt) aReader's Digest Condensed Books /c John T. Beaudouin (Edt) aNew York ,c1978. a573p. ;